FAMOUS FIVE 4 FIVE GO TO SMUGGLERS TOP (Record no. 8200)

MARC details
000 -LEADER
fixed length control field 00310nam a2200133Ia 4500
008 - FIXED-LENGTH DATA ELEMENTS--GENERAL INFORMATION
fixed length control field 260604s9999 xx 000 0 und d
020 ## - INTERNATIONAL STANDARD BOOK NUMBER
International Standard Book Number 9780340894576
082 ## - DEWEY DECIMAL CLASSIFICATION NUMBER
Classification number 823.91 BLY
100 ## - MAIN ENTRY--PERSONAL NAME
Personal name BLYTON
9 (RLIN) 35387
245 #0 - TITLE STATEMENT
Title FAMOUS FIVE 4 FIVE GO TO SMUGGLERS TOP
260 ## - PUBLICATION, DISTRIBUTION, ETC.
Name of publisher, distributor, etc. HAC
500 ## - GENERAL NOTE
General note Famous
942 ## - ADDED ENTRY ELEMENTS (KOHA)
Koha item type Book
Holdings
Date last seen Total Checkouts Full call number Barcode Cost, replacement price Price effective from Koha item type Lost status Damaged status Not for loan Withdrawn status Home library Current library Shelving location Date acquired Cost, normal purchase price BOOK NO
06/04/2026   823.91 BLY 003818 199.00 06/04/2026 Book         Indian Institute of Management Visakhapatnam Indian Institute of Management Visakhapatnam   06/04/2026 199.00 BLY

Copyright © 2024 Indian Institute of Management Visakhapatnam
Koha v23.05